|
|
|
|
| LEADER |
00000nam0a2200000 4500 |
| 001 |
22333 |
| 005 |
20231101205501.0 |
| 010 |
|
|
|a 5279021237
|
| 035 |
|
|
|a (RuTPU)RU\TPU\book\22546
|
| 035 |
|
|
|a BOOK00000309
|
| 090 |
|
|
|a 22333
|
| 100 |
|
|
|a 20011209d2000 m y0rusy50 ca
|
| 101 |
0 |
|
|a rus
|
| 102 |
|
|
|a RU
|
| 105 |
|
|
|a a j 000zy
|
| 200 |
1 |
|
|a Алгоритмическое моделирование элементов экономических систем
|e практикум
|f В. И. Варфоломеев
|
| 210 |
|
|
|a Москва
|c Финансы и статистика
|d 2000
|
| 215 |
|
|
|a 208 с.
|c ил.
|
| 606 |
1 |
|
|a Экономические системы
|x Моделирование
|2 stltpush
|3 (RuTPU)RU\TPU\subj\37432
|9 58418
|
| 610 |
1 |
|
|a экономика
|
| 610 |
1 |
|
|a математические методы
|
| 610 |
1 |
|
|a алгоритмическое моделирование
|
| 610 |
1 |
|
|a учебные пособия
|
| 610 |
1 |
|
|a практикумы
|
| 686 |
|
|
|a Ув631.0я73
|v LBC/SL-A
|2 rubbk
|
| 700 |
|
1 |
|a Варфоломеев
|b В. И.
|g Валентин Иванович
|
| 801 |
|
0 |
|a RU
|b 63413507
|c 20011209
|g PSBO
|
| 801 |
|
2 |
|a RU
|b 63413507
|c 20220906
|g PSBO
|
| 942 |
|
|
|c BK
|